000
00269nam a22001217a 4500
041
_a
ENG
100
_a
Marcus.Karel
245
_a
Principles Of Food Science
260
_a
New York
_b
Marcel Dekker
_c
1975
300
_a
474
650
_a
APE ( 02 )
856
_u
APE ( 02 )
999
_c
2859
_d
2859